[Event "NED-ch U14 Girls"]
[Site "Almelo"]
[Date "2021.08.04"]
[Round "4"]
[White "Ganeshram, Nirupa"]
[Black "Maris, Lauri"]
[Result "1/2-1/2"]
[WhiteElo "1378"]
[BlackElo "1669"]
[PlyCount "72"]
[EventDate "2021.08.01"]
[EventType "swiss"]
[EventRounds "6"]
[EventCountry "NED"]
[SourceTitle "EXT 2022"]
[Source "ChessBase"]
[SourceDate "2021.10.06"]
[SourceVersion "1"]
[SourceVersionDate "2021.10.06"]
[SourceQuality "1"]

1. e4 e5 2. Nf3 Nc6 3. Nc3 Nf6 4. Bb5 d6 5. d4 exd4 6. Nxd4 Bd7 7. Nxc6 Bxc6 8. Bxc6+ bxc6 9. 0-0 Be7 10. Bg5 Nd7 11. Bxe7 Qxe7 12. Qe2 0-0 13. f4 Kh8 14. b3 Qe6 15. Rae1 f6 16. Qa6 c5 17. Nd5 Rfc8 18. Qb7 Nb6 19. a4 Rab8 20. Qxa7 Nxd5 21. exd5 Qxd5 22. Qa6 Qd4+ 23. Kh1 Qd5 24. Qe2 Qf7 25. Qd3 Re8 26. Rxe8+ Qxe8 27. Qd2 c4 28. Qc3 cxb3 29. cxb3 h6 30. h3 c5 31. Rd1 Qe2 32. Qd3 Qxd3 33. Rxd3 Rb6 34. Kg1 Kg8 35. Kf2 Kf7 36. f5 Ke7 1/2-1/2